NLSUI OPAC header image

Aspirations and motivations of primary school teachers in low-income schools in Rajsamand, Rajasthan, India / (Record no. 213886)

MARC details
000 -LEADER
fixed length control field 00709nam a2200217Ia 4500
003 - CONTROL NUMBER IDENTIFIER
control field OSt
005 - DATE AND TIME OF LATEST TRANSACTION
control field 20260113122448.0
008 - FIXED-LENGTH DATA ELEMENTS--GENERAL INFORMATION
fixed length control field 251013s9999||||xx |||||||||||||| ||und||
040 ## - CATALOGING SOURCE
Transcribing agency 0
100 ## - MAIN ENTRY--PERSONAL NAME
Personal name Ghera, Anuj
245 #0 - TITLE STATEMENT
Title Aspirations and motivations of primary school teachers in low-income schools in Rajsamand, Rajasthan, India /
Remainder of title Anuj Ghera
260 ## - PUBLICATION, DISTRIBUTION, ETC.
Place of publication, distribution, etc. Bangalore :
Name of publisher, distributor, etc. NLSIU,
Date of publication, distribution, etc. 2023.
300 ## - PHYSICAL DESCRIPTION
Extent 45 p. :
Dimensions 24 cm.
650 ## - SUBJECT ADDED ENTRY--TOPICAL TERM
Topical term or geographic name entry element Education System
650 ## - SUBJECT ADDED ENTRY--TOPICAL TERM
Topical term or geographic name entry element Quality of Education
650 ## - SUBJECT ADDED ENTRY--TOPICAL TERM
Topical term or geographic name entry element Primary Education System – India
650 ## - SUBJECT ADDED ENTRY--TOPICAL TERM
Topical term or geographic name entry element Sarva Shikasha Abhiyaan
700 ## - ADDED ENTRY--PERSONAL NAME
Personal name Ms. Apoorva Gupta - Supervisor
856 ## - ELECTRONIC LOCATION AND ACCESS
Uniform Resource Identifier <a href="https://dans.nls.ac.in/handle/123456789/1257">https://dans.nls.ac.in/handle/123456789/1257</a>
942 ## - ADDED ENTRY ELEMENTS (KOHA)
Koha item type Dissertation
Source of classification or shelving scheme Dewey Decimal Classification
Holdings
Withdrawn status Lost status Damaged status Not for loan Home library Current library Date acquired Total Checkouts Barcode Date last seen Price effective from Koha item type
        . . 13.10.2025   MPP307 13.10.2025 13.10.2025 Dissertation